| 000 | 00453nam a22001457a 4500 | ||
|---|---|---|---|
| 999 |
_c2130 _d2130 |
||
| 008 | 200213b ||||| |||| 00| 0 eng d | ||
| 082 | 0 | 0 |
_a331.8920954 _bM6189 |
| 110 |
_91726 _aMinistry of information and Broad Casting, India. |
||
| 245 | 1 | 0 |
_aSquare deal for labor _cby Ministry of information and Broadcasting |
| 260 |
_aNew Delhi _bMinistry of information and Broadcasting _c1951 |
||
| 300 | _a32p. | ||
| 365 | _d0.80 | ||
| 650 | 0 | _aIndia | |
| 942 | _cBK | ||